| 000 | 004110000a22001690004500 | ||
|---|---|---|---|
| 003 | MACL | ||
| 005 | 20160109141606.0 | ||
| 008 | 160109b xxu||||| |||| 00| 0 eng d | ||
| 040 |
_aMACL _cMACL |
||
| 041 | _aEnglish | ||
| 082 | _a920/MAC | ||
| 100 |
_aMacaulay, G C _930493 |
||
| 245 | _aJames Thomson | ||
| 260 |
_bMacmillan & Co Ltd _c1910 _aLondon |
||
| 650 |
_aBiography _930494 |
||
| 942 |
_cBK _k920/MAC _2ddc |
||
| 999 |
_c38221 _d38221 |
||